| 000 | 00612nam a2200217Ia 4500 | ||
|---|---|---|---|
| 005 | 20241129104145.0 | ||
| 008 | 241129s9999||||xx |||||||||||||| ||und|| | ||
| 020 | _a9780128165652 | ||
| 037 | _aTextual | ||
| 040 |
_aRTL _beng _cRTL |
||
| 041 |
_aeng _2eng |
||
| 084 |
_aX:72 R0 _qRTL |
||
| 100 |
_aGalbacs Peter _9725031 |
||
| 245 | 0 |
_aFriedman-Lucas transition in macroeconomics: A structuralist approach _cGalbacs Peter |
|
| 260 |
_aUSA _bElsevier _c2020 |
||
| 300 | _axix,377p. | ||
| 365 |
_aINR _b8271 |
||
| 650 | _aMacroeconomics | ||
| 942 |
_cTB _hX:72 R0 |
||
| 999 |
_c1224666 _d1224666 |
||